000 00599nam a2200205Ia 4500
003 OSt
005 20260429122605.0
008 210210b2000 xxu||||| |||| 00| 0 eng d
040 _cAL
041 _aKannada
082 _a780K KRAS
100 _aKRASHNARAV (U S).
_dಕೃಷ್ಣರಾವ್ (ಯು ಎಸ್)
_9263134
245 _aSangita mattu nratya.
_bಸಂಗೀತ ಮತ್ತು ನೃತ್ಯ
260 _aBengaluru
_bBengaluru Vishvavidyanilaya
_c2000
300 _aiv,40
650 _aSangita Nratya
_9263135
690 _aMusic
_9263136
906 _a044375
942 _2ddc
_cBK
999 _c93786
_d93786